Normal view
MARC view
- Clancy, Tom,
Entry Personal Name
001 - CONTROL NUMBER
- control field: 429
003 - CONTROL NUMBER IDENTIFIER
- control field: NUST
005 - DATE AND TIME OF LATEST TRANSACTION
- control field: 20170511121726.0
008 - FIXED-LENGTH DATA ELEMENTS
- fixed length control field: 170511|| aca||aabn | a|a d
040 ## - CATALOGING SOURCE
- Original cataloging agency: NUST
- Transcribing agency: NUST
100 ## - HEADING--PERSONAL NAME
- Personal name: Clancy, Tom,
670 ## - SOURCE DATA FOUND
- Source citation: Work cat.: (NUST)24253: Clancy, Tom,, Every man a tiger, c1999.
